000 00449cam a2200157ua 4500
003 OSt
008 250207b |||||||| |||| 00| 0 eng d
041 _aeng
082 _a697.9315
_bARO/PR
100 _aArora, Subhash C
_97108
245 0 0 _aProperties of Refrigeration and Psychometry:
_bTables and CHarts ( IN M.K.S UNITS )
250 _a1 /
260 _aDelhi:
_bDhanpat Rai Publishing Co. Pvt. Ltd. ,
_c1993.
300 _a48 ; .
942 _cBK
999 _c2269
_d2269